Middle Earth General Trivia (difficult) - Statistics

General Stats
  • This quiz has been taken 369 times
  • The average score is 4 of 15
Answer Stats
Hint Answer % Correct
How many blue wizards where there? 2
97%
What was the name of Boromir's brother? Faramir
71%
Who is the lord of Rivendell? Elrond
64%
Thorin's Grandfather was killed at a battle where? Moria
39%
Tom Bobadill's wife was called what? Goldberry
38%
Who is the spy of Saruman in The Golden Hall of Edoras? Wormtongue
35%
Who was the owner of the Prancing Pony in Bree during Frodo's stay? Barliman Butterbur
24%
Erkenbrand was the lord of what land in Rohan? Westfold
15%
Morgoth's dungeon/fortress was called what Angbad
12%
The commander of the Cirith Ungol orc battlion is called what? Gorbag
10%
Who was the last king of Arnor? Arvedui
8%
How many Elven swords where found in the Trolls Cave near the Trollshaws? 3/Three
2%
What are the sword's names? Glamdring, Sting, Orcist
1%
What is the name of Frodo's uncle? Bilbo Baggins/Bilbo
0%
The leader of the Nazgul is called what? The Witch King/Witch King of Angmar
0%
No matching quizzes found
Score Distribution
Percent of People with Each Score
Percentile by Number Answered
Your Score History
You have not taken this quiz